|
|
|
|
| LEADER |
01734nam a2200349 a 4500 |
| 001 |
14181640 |
| 008 |
091011s1999 bg a bs 000 0 eng d |
| 010 |
|
|
|a \\2005386410
|
| 020 |
|
|
|a 9845511813
|
| 040 |
|
|
|a DLC
|c DLC
|
| 082 |
0 |
0 |
|a 362.1/982/00954922
|2 21
|
| 100 |
1 |
|
|a Routh, Subrata.
|
| 245 |
1 |
3 |
|a An economic appraisal of alternative strategies for delivery of MCH-FP services in urban Dhaka, Bangladesh /
|c Subrata Routh, Barkat-e-Khuda.
|
| 260 |
|
|
|a Dhaka :
|b ICDDR,B, Centre for Health and Population Research,
|c 1999.
|
| 300 |
|
|
|a vi, 28 p. :
|b ill. ;
|c 26 cm.
|
| 490 |
1 |
|
|a ICDDR,B working paper ;
|v no. 120
|
| 490 |
1 |
|
|a Working paper ;
|v no. 154
|
| 500 |
|
|
|a "Operations Research Project, Health and Population Extension Division"--Cover.
|
| 500 |
|
|
|a Includes statistical tables.
|
| 504 |
|
|
|a Includes bibliographical references (p. 22-24).
|
| 541 |
1 |
|
|e 00007323
|
| 650 |
|
0 |
|a Maternal health services
|z Bangladesh
|z Dhaka.
|
| 650 |
|
0 |
|a Child health services
|z Bangladesh
|z Dhaka.
|
| 650 |
|
0 |
|a Family planning
|z Bangladesh
|z Dhaka.
|
| 700 |
0 |
|
|a Barkat-e-Khuda.
|
| 710 |
2 |
|
|a International Centre for Diarrhoeal Disease Research, Bangladesh.
|
| 710 |
2 |
|
|a Operations Research Project (International Centre for Diarrhoeal Disease Research, Bangladesh)
|
| 830 |
|
0 |
|a Working paper (International Centre for Diarrhoeal Disease Research, Bangladesh) ;
|v no. 120.
|
| 830 |
|
0 |
|a Working paper (Operations Research Project (International Centre
|
| 852 |
4 |
|
|a Ayesha Abed Library
|j General shelf
|
| 999 |
|
|
|c 4433
|d 4433
|
| 952 |
|
|
|0 0
|1 0
|2 ddc
|4 0
|6 362_198209549220000_ROU
|7 0
|9 4144
|a BRACUL
|b BRACUL
|c GEN
|d 2009-10-11
|g 0.00
|l 0
|o 362.19820954922 ROU
|p 3010007323
|r 2009-10-11
|t 1
|w 2009-10-11
|y BK
|x No price found in the accession register.
|